[Event "Legends of Chess Prelim"]
[Site "chess24.com INT"]
[Date "2020.07.22"]
[Round "2.1"]
[White "Svidler, P"]
[Black "Leko, P"]
[Result "1/2-1/2"]
[WhiteElo "2723"]
[BlackElo "2663"]
[EventDate "2020.07.21"]
[WhiteTitle "GM"]
[BlackTitle "GM"]
[WhiteFideId "4102142"]
[BlackFideId "703303"]

1.Nf3 Nf6 2.g3 c5 3.Bg2 Nc6 4.O-O e5 5.e4 d6 6.Re1 g6 7.d3 Bg7 8.Nc3 O-O 
9.a3 a6 10.h3 b5 11.Be3 Be6 12.Nd2 Nd4 13.Ne2 Qd7 14.Kh2 d5 15.Nc3 Rac8 
16.Bg5 dxe4 17.Ndxe4 Nxe4 18.dxe4 f5 19.Nd5 Bxd5 20.exd5 c4 21.Be3 c3 22.
Bxd4 exd4 23.b4 f4 24.Qd3 fxg3+ 25.fxg3 Rf2 26.Re2 Rxe2 27.Qxe2 Re8 28.Be4
Be5 29.Qg2 Bd6 30.Re1 Qd8 31.Re2 Qg5 32.Qf3 h5 33.Kg2 h4 34.Bd3 Rxe2+ 35.
Bxe2 hxg3 36.Qe4 Kg7 37.Qxd4+ Qf6 38.Qxf6+ Kxf6 39.Bg4 Ke5 40.Bc8 Kxd5 41.
Bxa6 Kc6 1/2-1/2

[Event "Legends of Chess Prelim"]
[Site "chess24.com INT"]
[Date "2020.07.24"]
[Round "4.2"]
[White "Ding Liren"]
[Black "Svidler, P"]
[Result "1-0"]
[WhiteElo "2791"]
[BlackElo "2723"]
[EventDate "2020.07.21"]
[WhiteTitle "GM"]
[BlackTitle "GM"]
[WhiteFideId "8603677"]
[BlackFideId "4102142"]

1.d4 d5 2.c4 c6 3.Nf3 Nf6 4.Nc3 dxc4 5.a4 e6 6.e3 c5 7.Bxc4 Nc6 8.O-O cxd4
9.Nxd4 Bd7 10.e4 Nxd4 11.Qxd4 Bc6 12.Qe3 Qb8 13.f4 Be7 14.e5 Ng4 15.Qe2 h5
16.Bb5 g6 17.h3 Nh6 18.Bxc6+ bxc6 19.g4 Qb4 20.a5 Rd8 21.Ra4 Qb3 22.Re4 
Bb4 23.a6 Bc5+ 24.Kg2 Ke7 25.f5 gxf5 26.Bg5+ Ke8 27.Bxd8 fxe4 28.Bf6 Rg8 
29.Rd1 1-0

[Event "Legends of Chess Prelim"]
[Site "chess24.com INT"]
[Date "2020.07.23"]
[Round "3.2"]
[White "Carlsen, M"]
[Black "Leko, P"]
[Result "1/2-1/2"]
[WhiteElo "2863"]
[BlackElo "2663"]
[EventDate "2020.07.21"]
[WhiteTitle "GM"]
[BlackTitle "GM"]
[WhiteFideId "1503014"]
[BlackFideId "703303"]

1.c4 c5 2.Nf3 Nf6 3.Nc3 Nc6 4.e3 e6 5.d4 d5 6.cxd5 Nxd5 7.Bd3 Be7 8.O-O 
O-O 9.Qe2 cxd4 10.exd4 Bd7 11.Qe4 g6 12.Bh6 Re8 13.Nxd5 exd5 14.Qf4 Qb8 
15.Ne5 Nxe5 16.dxe5 Bd8 17.Qb4 a5 18.Qb3 Qxe5 19.Rae1 Qxe1 20.Rxe1 Rxe1+ 
21.Bf1 Re6 22.Qxd5 Bc6 23.Qd2 Bf6 24.h3 a4 25.Bc4 Rd8 26.Qc1 Re4 27.b3 
Rde8 28.Bd2 axb3 29.Bxb3 Bd4 30.Bc3 Bxc3 31.Qxc3 Rf4 32.f3 h5 33.Qd2 Rf5 
34.Qd4 Rfe5 35.Kh2 R8e7 36.h4 Re8 37.Kg3 Rf5 38.Qd6 Kg7 39.Qd4+ Kg8 40.Qd6
Kg7 41.Qd4+ Kg8 1/2-1/2

[Event "Legends of Chess Prelim"]
[Site "chess24.com INT"]
[Date "2020.07.23"]
[Round "3.2"]
[White "Nepomniachtchi, I"]
[Black "Giri, A"]
[Result "1-0"]
[WhiteElo "2784"]
[BlackElo "2764"]
[EventDate "2020.07.21"]
[WhiteTitle "GM"]
[BlackTitle "GM"]
[WhiteFideId "4168119"]
[BlackFideId "24116068"]

1.e4 c5 2.Nf3 d6 3.d4 cxd4 4.Nxd4 Nf6 5.Nc3 a6 6.h3 e5 7.Nb3 Be7 8.f4 O-O 
9.g4 exf4 10.Bxf4 d5 11.e5 Nfd7 12.Qxd5 Bh4+ 13.Ke2 Nc6 14.Bg2 Ncxe5 15.
Raf1 Ng6 16.Bd2 Rb8 17.Kd1 b5 18.Qh5 Nde5 19.Kc1 Nc4 20.Be4 Be6 21.Rd1 
Nxd2 22.Nxd2 Bg5 23.h4 Bf6 24.Nf3 Qa5 25.Ng5 Rfc8 26.Qxh7+ Kf8 27.Nxe6+ 
fxe6 28.Bxg6 1-0

[Event "Legends of Chess Prelim"]
[Site "chess24.com INT"]
[Date "2020.07.23"]
[Round "3.1"]
[White "Giri, A"]
[Black "Nepomniachtchi, I"]
[Result "0-1"]
[WhiteElo "2764"]
[BlackElo "2784"]
[EventDate "2020.07.21"]
[WhiteTitle "GM"]
[BlackTitle "GM"]
[WhiteFideId "24116068"]
[BlackFideId "4168119"]

1.d4 Nf6 2.c4 g6 3.Nc3 d5 4.cxd5 Nxd5 5.Bd2 Bg7 6.e4 Nxc3 7.Bxc3 O-O 8.Qd2
Nc6 9.Nf3 Bg4 10.d5 Bxf3 11.Bxg7 Kxg7 12.gxf3 Ne5 13.O-O-O c6 14.Qc3 f6 
15.f4 Nf7 16.d6 exd6 17.h4 Qb6 18.Qg3 d5 19.exd5 Rad8 20.h5 Qc5+ 21.Kb1 
Rxd5 22.Rc1 Qd4 23.Bc4 Rc5 24.hxg6 hxg6 25.Rhd1 Rxc4 26.Rxd4 Rxd4 27.Rg1 
Nh8 28.f5 g5 29.f4 Nf7 30.fxg5 fxg5 31.Qc7 g4 32.Qxb7 Rfd8 33.Qxc6 R8d6 
34.Qf3 Ne5 35.Qe3 Kf6 36.Qh6+ Kxf5 37.Qf8+ Kg5 38.Qe7+ Kf4 39.Qf8+ Kg5 40.
Qg8+ Kf4 41.Qb3 Rd3 42.Qb4+ R3d4 43.Qb3 Nf3 44.Rf1 Kg3 45.Qe3 Rd3 46.Qf2+ 
Kf4 47.Qxa7 Rd1+ 48.Rxd1 Rxd1+ 49.Kc2 Rd2+ 50.Kc3 g3 51.Qf7+ Ke3 52.Qe7+ 
Kf2 53.Qc5+ Rd4 54.Qf5 g2 55.Qc2+ Rd2 56.Qg6 g1=Q 57.Qxg1+ Kxg1 58.a4 Rd8 
59.a5 Ne5 60.b4 Nc6 61.a6 Rb8 0-1

[Event "Legends of Chess Prelim"]
[Site "chess24.com INT"]
[Date "2020.07.22"]
[Round "2.3"]
[White "Carlsen, M"]
[Black "Anand, V"]
[Result "1/2-1/2"]
[WhiteElo "2863"]
[BlackElo "2753"]
[EventDate "2020.07.21"]
[WhiteTitle "GM"]
[BlackTitle "GM"]
[WhiteFideId "1503014"]
[BlackFideId "5000017"]

1.d4 Nf6 2.c4 e6 3.Nf3 d5 4.Nc3 Bb4 5.Qa4+ Nc6 6.e3 O-O 7.Qc2 Re8 8.Bd2 
Bf8 9.a3 e5 10.dxe5 Nxe5 11.cxd5 Nxf3+ 12.gxf3 Nxd5 13.h4 Nxc3 14.Bxc3 Qd5
15.Be2 Bf5 16.Qa4 Bd7 17.Rd1 Qxf3 18.Bxf3 Bxa4 19.Bxb7 Bxd1 20.Bxa8 Bg4 
21.Bc6 Rd8 22.f3 Be6 23.Bd4 a6 24.Kf2 g6 25.Rc1 Bg7 26.Bxg7 Kxg7 27.Ke2 a5
28.a4 Kh6 29.Rc5 Rb8 30.Kf2 Rxb2+ 31.Kg3 Rb6 32.Bd5 Bxd5 33.Rxd5 Rb4 34.
Rxa5 c5 35.Rxc5 Rxa4 36.e4 Kg7 37.Rc7 Ra5 38.Rd7 Rb5 39.Rc7 Ra5 40.Rd7 Rb5
41.Rc7 Ra5 1/2-1/2

[Event "Legends of Chess Prelim"]
[Site "chess24.com INT"]
[Date "2020.07.22"]
[Round "2.3"]
[White "Ivanchuk, V"]
[Black "Gelfand, B"]
[Result "1/2-1/2"]
[WhiteElo "2678"]
[BlackElo "2676"]
[EventDate "2020.07.21"]
[WhiteTitle "GM"]
[BlackTitle "GM"]
[WhiteFideId "14100010"]
[BlackFideId "2805677"]

1.d4 Nf6 2.c4 e6 3.Nf3 d5 4.Bg5 dxc4 5.Nc3 a6 6.a4 Nc6 7.e3 Na5 8.Nd2 Bb4 
9.Be2 c5 10.dxc5 Bxc5 11.O-O O-O 12.Nxc4 Nxc4 13.Bxc4 Qxd1 14.Rfxd1 b6 15.
Bd3 Bb7 16.Bxf6 gxf6 17.Be4 Bxe4 18.Nxe4 f5 19.Nd2 Rfd8 20.Kf1 Kf8 21.Ke2 
Ke8 22.Rac1 Rd5 23.Nf3 Rxd1 24.Kxd1 Ke7 25.g3 Rd8+ 26.Ke2 Rd5 27.Rc4 Kf6 
28.Ne1 b5 29.axb5 axb5 30.Rc1 e5 31.Nd3 Bd6 32.f3 e4 33.fxe4 fxe4 34.Nf2 
Ke5 35.Rc8 f5 36.Re8+ Kf6 37.Rd8 Ke6 38.Re8+ Kf6 39.Rd8 Ke6 40.Re8+ Kf6 
1/2-1/2

[Event "Legends of Chess Prelim"]
[Site "chess24.com INT"]
[Date "2020.07.22"]
[Round "2.1"]
[White "Kramnik, V"]
[Black "Giri, A"]
[Result "1/2-1/2"]
[WhiteElo "2753"]
[BlackElo "2764"]
[EventDate "2020.07.21"]
[WhiteTitle "GM"]
[BlackTitle "GM"]
[WhiteFideId "4101588"]
[BlackFideId "24116068"]

1.c4 e5 2.Nc3 Nf6 3.Nf3 Nc6 4.a3 d5 5.cxd5 Nxd5 6.Qc2 Nxc3 7.bxc3 Bd6 8.g3
O-O 9.Bg2 f5 10.d3 Kh8 11.O-O Rb8 12.Bb2 Qe8 13.Nd2 b6 14.e3 Bb7 15.Rae1 
Na5 16.Bxb7 Rxb7 17.f4 exf4 18.exf4 Qh5 19.Nf3 Rbb8 20.c4 Rfe8 21.Qc3 Bf8 
22.Kg2 c5 23.Ne5 Rbd8 24.h3 Kg8 25.Qc2 Qh6 26.Qa4 Rc8 27.Qd7 Qe6 28.Qxa7 
Red8 29.Qa6 Nc6 30.Qxb6 Rb8 31.Qxc6 Rxb2+ 32.Rf2 Qxc6+ 33.Nxc6 Rxf2+ 34.
Kxf2 Rxd3 35.Ra1 Rd6 36.Ne5 Ra6 37.a4 Bd6 38.Kf3 Kf8 39.g4 fxg4+ 40.Nxg4 
Kf7 41.Ke4 Bc7 42.Ne5+ Ke6 43.f5+ Ke7 44.a5 Kf6 45.Nd7+ Kf7 46.Rb1 Ke7 47.
Nxc5 Rxa5 48.Nd3 g6 49.fxg6 hxg6 50.c5 Ke6 51.Rg1 Ra4+ 52.Ke3 Kf5 53.Rf1+ 
Ke6 54.Rg1 Kf5 55.Rb1 Re4+ 56.Kf3 Rh4 57.Rf1 Ke6 58.Kg2 g5 59.Re1+ Kd7 60.
Nf2 Kc6 61.Rc1 Rd4 62.Rc2 Ba5 63.Kf3 Rf4+ 64.Ke3 Rh4 65.Kf3 Bb4 66.Ne4 
Rxh3+ 67.Kg2 g4 68.Nf2 Rc3 69.Rxc3 Bxc3 70.Nxg4 Kxc5 71.Nf6 Bxf6 1/2-1/2

[Event "Legends of Chess Prelim"]
[Site "chess24.com INT"]
[Date "2020.07.21"]
[Round "1.4"]
[White "Svidler, P"]
[Black "Anand, V"]
[Result "1-0"]
[WhiteElo "2723"]
[BlackElo "2753"]
[EventDate "2020.07.21"]
[WhiteTitle "GM"]
[BlackTitle "GM"]
[WhiteFideId "4102142"]
[BlackFideId "5000017"]

1.Nf3 d5 2.g3 c5 3.Bg2 Nf6 4.O-O g6 5.d4 cxd4 6.Nxd4 Bg7 7.Nb3 Nc6 8.Nc3 
e6 9.Be3 O-O 10.Bc5 Re8 11.Nb5 b6 12.Ba3 Ba6 13.c4 Ne5 14.Nd6 Nxc4 15.Nxe8
Nxe8 16.Rc1 Nxb2 17.Bxb2 Bxb2 18.Rc2 Bg7 19.Qc1 Nd6 20.Rd1 Bb7 21.Qf4 a5 
22.Nd2 b5 23.Rdc1 b4 24.Rc5 e5 25.Qe3 Nf5 26.Qb3 e4 27.e3 Bf8 28.Rc7 a4 
29.Qc2 Nd6 30.Bh3 Ba6 31.Qc6 Nb5 32.Rd7 Qe8 33.Qxd5 Nc3 34.Rxc3 bxc3 35.
Nxe4 Be7 36.Rxe7 1-0

[Event "Legends of Chess Prelim"]
[Site "chess24.com INT"]
[Date "2020.07.22"]
[Round "2.4"]
[White "Leko, P"]
[Black "Svidler, P"]
[Result "0-1"]
[WhiteElo "2663"]
[BlackElo "2723"]
[EventDate "2020.07.21"]
[WhiteTitle "GM"]
[BlackTitle "GM"]
[WhiteFideId "703303"]
[BlackFideId "4102142"]

1.e4 e5 2.Nf3 Nc6 3.Bc4 Bc5 4.O-O Nf6 5.d3 d6 6.c3 O-O 7.Re1 h6 8.h3 a5 9.
Nbd2 a4 10.Bb5 Bd7 11.Nf1 Nb8 12.Bxd7 Nbxd7 13.Ng3 Re8 14.d4 Bb6 15.Bd2 c5
16.dxe5 Nxe5 17.Nxe5 dxe5 18.c4 Ba5 19.Re2 Bxd2 20.Rxd2 Qa5 21.Nf5 Rad8 
22.Ne7+ Kf8 23.Rxd8 Rxd8 24.Nd5 Nxe4 25.Qc2 Nf6 26.Nc3 a3 27.bxa3 Qxa3 28.
Rb1 Rd7 29.Rb6 Qa5 30.Rb5 Qc7 31.Na4 Qd8 32.Nxc5 Rd1+ 33.Kh2 Ng4+ 34.Kg3 
Qg5 35.Nd7+ Kg8 0-1

[Event "Legends of Chess Prelim"]
[Site "chess24.com INT"]
[Date "2020.07.21"]
[Round "1.3"]
[White "Gelfand, B"]
[Black "Ding Liren"]
[Result "1/2-1/2"]
[WhiteElo "2676"]
[BlackElo "2791"]
[EventDate "2020.07.21"]
[WhiteTitle "GM"]
[BlackTitle "GM"]
[WhiteFideId "2805677"]
[BlackFideId "8603677"]

1.d4 Nf6 2.c4 g6 3.Nc3 d5 4.cxd5 Nxd5 5.e4 Nxc3 6.bxc3 Bg7 7.Bc4 c5 8.Ne2 
Nc6 9.Be3 O-O 10.O-O b6 11.Qd2 Bb7 12.Rfd1 Rc8 13.Rac1 e6 14.Bg5 Qd7 15.h4
Na5 16.Bd3 cxd4 17.cxd4 Rxc1 18.Rxc1 Rc8 19.Rxc8+ Qxc8 20.h5 Nc4 21.Qc1 b5
22.h6 Bf8 23.Qf4 a6 24.Ng3 Nd6 25.e5 Nf5 26.Bxf5 exf5 27.Nh5 gxh5 28.Bf6 
Bb4 29.d5 Bxd5 30.Qxb4 Qc1+ 31.Kh2 Qc4 32.Qd2 Kf8 33.f3 Ke8 34.Qa5 Qc8 35.
Qa3 Qc7 36.Qxa6 Bc6 37.Qa3 Kd7 38.Qf8 Bd5 39.Qg8 Qc4 40.Qd8+ Kc6 41.Qc8+ 
Kb6 42.Qxf5 Be6 43.Qxh5 Qf4+ 44.Kg1 Qe3+ 45.Kh1 Qc1+ 46.Kh2 Qf4+ 47.Kg1 
Qe3+ 48.Kh2 Qf4+ 1/2-1/2

[Event "Legends of Chess Prelim"]
[Site "chess24.com INT"]
[Date "2020.07.21"]
[Round "1.4"]
[White "Nepomniachtchi, I"]
[Black "Kramnik, V"]
[Result "1/2-1/2"]
[WhiteElo "2784"]
[BlackElo "2753"]
[EventDate "2020.07.21"]
[WhiteTitle "GM"]
[BlackTitle "GM"]
[WhiteFideId "4168119"]
[BlackFideId "4101588"]

1.d4 Nf6 2.c4 e6 3.Nf3 d5 4.Nc3 Nbd7 5.Qc2 dxc4 6.e4 c5 7.dxc5 Bxc5 8.Bxc4
Qc7 9.O-O O-O 10.Qe2 Ne5 11.Bf4 Bd6 12.Bxe5 Bxe5 13.Nxe5 Qxe5 14.f4 Qc5+ 
15.Kh1 e5 16.f5 b5 17.Bxb5 Bb7 18.Rac1 Rac8 19.h3 Rfd8 20.Ba6 Qb6 21.Bxb7 
Qxb7 22.Kh2 h6 23.Rcd1 Rd4 24.Rf3 Rxd1 25.Qxd1 Nxe4 26.Nxe4 Qxe4 27.Qd7 
Qc6 28.Qxa7 e4 29.Rf4 Qd6 30.Qe3 Rc4 31.Kg1 Qe5 32.Rf2 Kh7 33.Re2 f6 34.b3
Rd4 35.Re1 Qd5 36.Kh2 Qe5+ 37.Kg1 Qd5 38.a3 Rd3 39.Qxe4 Qxb3 40.a4 Qc3 41.
Kh1 Rd8 42.Rb1 Rd3 43.Qg4 Rg3 44.Qf4 Re3 45.Kh2 Qd3 46.Rb7 Qc3 47.Rb5 Re1 
48.a5 Ra1 49.Rb7 Rxa5 50.Rc7 Rc5 51.Rxc5 Qxc5 52.g4 Qc3 53.Qe4 Qd2+ 54.Kg3
h5 55.Qe8 hxg4 56.Qg6+ Kg8 57.Qe8+ Kh7 58.Qg6+ Kg8 59.Qe8+ Kh7 1/2-1/2

[Event "Legends of Chess Prelim"]
[Site "chess24.com INT"]
[Date "2020.07.21"]
[Round "1.1"]
[White "Gelfand, B"]
[Black "Ding Liren"]
[Result "1/2-1/2"]
[WhiteElo "2676"]
[BlackElo "2791"]
[EventDate "2020.07.21"]
[WhiteTitle "GM"]
[BlackTitle "GM"]
[WhiteFideId "2805677"]
[BlackFideId "8603677"]

1.d4 Nf6 2.c4 e6 3.Nf3 d5 4.g3 Bb4+ 5.Bd2 Be7 6.Bg2 O-O 7.O-O c6 8.Qc2 
Nbd7 9.Rc1 h6 10.a3 a5 11.e3 Re8 12.Be1 Bf8 13.Nbd2 b5 14.cxb5 cxb5 15.Bf1
Ba6 16.Nb3 a4 17.Na5 Qb6 18.Qd1 Rec8 19.Rxc8 Rxc8 20.Rc1 Ne4 21.Rxc8 Bxc8 
22.Qc2 Nd6 23.Nc6 Nc4 24.Nb4 Nf6 25.Nd3 Bd6 26.Bb4 Bc7 27.Nfe5 Nd7 28.Nxd7
Bxd7 29.Nc5 Be8 30.Bg2 Bd6 31.Nd3 Bb8 32.Qc3 Qd8 33.Nc5 Bc6 34.Na6 Bc7 35.
Nxc7 Qxc7 36.b3 axb3 37.Qxb3 Qa7 38.Bf1 Qa4 39.Qxa4 bxa4 40.Bxc4 dxc4 41.
Kf1 Kh7 42.Ke2 g5 43.Kd2 1/2-1/2

[Event "Legends of Chess Prelim"]
[Site "chess24.com INT"]
[Date "2020.07.25"]
[Round "5.4"]
[White "Gelfand, B"]
[Black "Giri, A"]
[Result "0-1"]
[WhiteElo "2676"]
[BlackElo "2764"]
[EventDate "2020.07.21"]
[WhiteTitle "GM"]
[BlackTitle "GM"]
[WhiteFideId "2805677"]
[BlackFideId "24116068"]

1.Nf3 d5 2.d4 Nf6 3.c4 c6 4.e3 Bf5 5.Nc3 e6 6.Nh4 Be4 7.f3 Bg6 8.Bd2 Be7 
9.Nxg6 hxg6 10.Qc2 Nbd7 11.cxd5 cxd5 12.Qb3 O-O 13.Bd3 Qb8 14.O-O Bd6 15.
f4 a6 16.a4 Rc8 17.Rac1 Rc6 18.a5 Qa7 19.Na4 Rac8 20.Rc3 Qb8 21.Rfc1 Rxc3 
22.Rxc3 Rxc3 23.Qxc3 g5 24.Qc1 gxf4 25.exf4 g5 26.g3 Qa7 27.Nb6 Nxb6 28.
fxg5 Nbd7 29.Bc3 Ne8 30.g6 fxg6 31.Bxg6 Ng7 32.Qg5 Qb8 33.Kg2 Nf8 34.Bd3 
Qc7 35.h4 Qe7 36.Qxe7 Bxe7 37.Kh3 Nf5 38.Kg4 Bd6 39.Bxf5 exf5+ 40.Kxf5 
Bxg3 41.h5 Kf7 42.h6 Bd6 43.Bd2 Bc7 44.Bb4 Ne6 45.Bc3 Nd8 46.b4 Bd6 47.h7 
Kg7 48.Bd2 Kxh7 49.Bg5 Nc6 50.Ke6 Bxb4 51.Kxd5 Bxa5 52.Kc5 Kg6 53.Bh4 Kf7 
54.d5 Ne7 55.Bg5 Nf5 0-1

[Event "Legends of Chess Final"]
[Site "chess24.com INT"]
[Date "2020.08.02"]
[Round "1.36"]
[White "Nepomniachtchi, I"]
[Black "Giri, A"]
[Result "1-0"]
[WhiteElo "2784"]
[BlackElo "2764"]
[EventDate "2020.07.31"]
[WhiteTitle "GM"]
[BlackTitle "GM"]
[WhiteFideId "4168119"]
[BlackFideId "24116068"]

1.e4 e5 2.Nf3 Nc6 3.d4 exd4 4.Nxd4 Nf6 5.Nxc6 bxc6 6.e5 Qe7 7.Qe2 Nd5 8.h4
a5 9.c4 Ba6 10.Nd2 Nb6 11.h5 Qe6 12.h6 gxh6 13.b3 O-O-O 14.Bb2 Bg7 15.
O-O-O Rhe8 16.f4 f6 17.Ne4 fxe5 18.Nc5 Qf5 19.Nxa6 exf4 20.Qd3 Bxb2+ 21.
Kxb2 Qe5+ 22.Qc3 Kb7 23.Qxe5 Rxe5 24.Rxh6 c5 25.Nxc5+ Rxc5 26.Rxh7 Rf8 27.
Be2 d6 28.Bf3+ Kb8 29.Re1 Nc8 30.Re6 Rg5 31.Kc3 Rfg8 32.Rf7 Re5 33.Rh6 a4 
34.Rhh7 axb3 35.Rxc7 Re3+ 36.Kb2 Rxf3 37.gxf3 bxa2 38.Kxa2 Rg3 39.Rb7+ Ka8
40.Rb3 Rg2+ 41.Ka3 Rc2 42.Rb4 Rc3+ 43.Kb2 Rxf3 44.Rh8 Rf2+ 45.Kc3 1-0

[Event "Legends of Chess Final"]
[Site "chess24.com INT"]
[Date "2020.08.01"]
[Round "1.27"]
[White "Nepomniachtchi, I"]
[Black "Giri, A"]
[Result "0-1"]
[WhiteElo "2784"]
[BlackElo "2764"]
[EventDate "2020.07.31"]
[WhiteTitle "GM"]
[BlackTitle "GM"]
[WhiteFideId "4168119"]
[BlackFideId "24116068"]

1.e4 e5 2.Nf3 Nc6 3.Bb5 Nf6 4.O-O Nxe4 5.Re1 Nd6 6.Nxe5 Be7 7.Bf1 Nxe5 8.
Rxe5 O-O 9.d4 Bf6 10.Re1 Re8 11.Rxe8+ Nxe8 12.d5 d6 13.a4 a5 14.Ra3 Bd7 
15.Nc3 Bg5 16.h3 Bxc1 17.Qxc1 Nf6 18.Qd2 h6 19.Rb3 b6 20.Nb5 Rc8 21.Qd4 
Bf5 22.Rc3 Be4 23.Bc4 Qd7 24.Bb3 Qf5 25.Nxc7 Qg5 26.Rg3 Qc1+ 27.Kh2 Qf4 
28.Nb5 Nh5 29.Nc3 f5 30.Ne2 Qh4 31.f3 Nxg3 32.Nxg3 Qf4 33.fxe4 h5 34.Qd3 
h4 35.exf5 Rf8 36.Qf3 hxg3+ 37.Qxg3 Rxf5 38.Qxf4 Rxf4 39.Kg3 g5 40.c3 Kg7 
41.Bd1 Kf6 42.Bf3 Rxa4 0-1

[Event "Legends of Chess Final"]
[Site "chess24.com INT"]
[Date "2020.08.02"]
[Round "1.33"]
[White "Giri, A"]
[Black "Nepomniachtchi, I"]
[Result "1/2-1/2"]
[WhiteElo "2764"]
[BlackElo "2784"]
[EventDate "2020.07.31"]
[WhiteTitle "GM"]
[BlackTitle "GM"]
[WhiteFideId "24116068"]
[BlackFideId "4168119"]

1.Nf3 d5 2.d4 Bf5 3.c4 e6 4.Nc3 Nc6 5.Bg5 Be7 6.Bxe7 Ncxe7 7.e3 Nf6 8.Be2 
h6 9.O-O O-O 10.Qb3 Rb8 11.Rfd1 c6 12.Rac1 Ne4 13.Nxe4 Bxe4 14.Nd2 Bg6 15.
Qa3 Ra8 16.b4 Nf5 17.Qb2 a6 18.a4 Nd6 19.b5 axb5 20.axb5 Ra4 21.c5 Ne4 22.
Ra1 Rxa1 23.Rxa1 Nxd2 24.Qxd2 cxb5 25.Bxb5 Qb8 26.Qb2 Rc8 27.f4 Be4 28.Bf1
g5 29.fxg5 hxg5 30.Ra3 Kg7 31.Rb3 Rc7 32.Ba6 Qa7 33.Bxb7 Qa5 34.Kf2 Re7 
35.c6 Re8 36.Ra3 Qc7 37.Kg1 Rh8 38.g3 Rh3 39.Qf2 Rh6 40.Qe1 Qb6 41.Qc1 Qc7
42.Qe1 Qb6 43.Ra2 Rf6 44.Qc1 Bd3 45.Rf2 Rxf2 46.Kxf2 Bc4 47.g4 Qa5 48.e4 
f6 49.e5 Qa2+ 50.Kg1 Qe2 51.h3 Qd3 52.exf6+ Kf7 53.Qxg5 1/2-1/2

[Event "Legends of Chess Final"]
[Site "chess24.com INT"]
[Date "2020.07.31"]
[Round "1.12"]
[White "Nepomniachtchi, I"]
[Black "Giri, A"]
[Result "1-0"]
[WhiteElo "2784"]
[BlackElo "2764"]
[EventDate "2020.07.31"]
[WhiteTitle "GM"]
[BlackTitle "GM"]
[WhiteFideId "4168119"]
[BlackFideId "24116068"]

1.e4 e5 2.Bc4 Nf6 3.d3 Nc6 4.Nc3 Bb4 5.Nf3 d6 6.O-O Bxc3 7.bxc3 Na5 8.Bb3 
h6 9.h3 Qe7 10.Nh2 Nxb3 11.axb3 g5 12.Re1 Rg8 13.Nf1 g4 14.h4 g3 15.fxg3 
Rg6 16.b4 Nh5 17.Qxh5 Bg4 18.Qxg6 fxg6 19.Bxh6 Kd7 20.Ne3 Be6 21.Rf1 Qh7 
22.Bg5 Qg8 23.Rf6 a6 24.Raf1 Re8 25.c4 b6 26.Nd5 Kc6 27.R6f2 Qg7 28.Kh2 
Kb7 29.Nc3 Ra8 30.Rf6 Qg8 31.c5 Qe8 32.Nd5 dxc5 33.bxc5 bxc5 34.Rb1+ Kc8 
35.Bh6 Kd7 36.Rb7 Bxd5 37.exd5 Kc8 38.Rb1 Kd7 39.Rbf1 Rd8 40.Rf8 Qe7 1-0

[Event "Legends of Chess Final"]
[Site "chess24.com INT"]
[Date "2020.08.01"]
[Round "1.21"]
[White "Nepomniachtchi, I"]
[Black "Giri, A"]
[Result "1/2-1/2"]
[WhiteElo "2784"]
[BlackElo "2764"]
[EventDate "2020.07.31"]
[WhiteTitle "GM"]
[BlackTitle "GM"]
[WhiteFideId "4168119"]
[BlackFideId "24116068"]

1.e4 e5 2.Nf3 Nc6 3.d4 exd4 4.Nxd4 Nf6 5.Nxc6 bxc6 6.Nc3 Bb4 7.Bd3 d5 8.
Bd2 O-O 9.O-O Bxc3 10.Bxc3 dxe4 11.Bc4 Nd5 12.Qd4 Nxc3 13.Qxc3 Re8 14.Bb3 
Qf6 15.Qxf6 gxf6 16.Rfe1 Re5 17.Rad1 Bf5 18.Re3 Rb8 19.f3 exf3 20.Rxf3 c5 
21.Rdf1 Be6 22.Bxe6 Rxe6 23.b3 Rd8 24.Rxf6 Rxf6 25.Rxf6 Rd2 26.Ra6 Rxc2 
27.Rxa7 c4 28.bxc4 Rxc4 29.Kf2 Rc2+ 30.Kf3 c5 31.h4 c4 32.Rc7 Rxa2 33.Rxc4
Ra5 34.g4 h6 35.Kg3 Kg7 36.Rf4 Ra3+ 37.Rf3 Ra4 38.Rf4 Ra3+ 39.Rf3 Ra4 40.
Rf4 Ra3+ 1/2-1/2

[Event "Legends of Chess Final"]
[Site "chess24.com INT"]
[Date "2020.07.31"]
[Round "1.11"]
[White "Giri, A"]
[Black "Nepomniachtchi, I"]
[Result "1/2-1/2"]
[WhiteElo "2764"]
[BlackElo "2784"]
[EventDate "2020.07.31"]
[WhiteTitle "GM"]
[BlackTitle "GM"]
[WhiteFideId "24116068"]
[BlackFideId "4168119"]

1.d4 Nf6 2.c4 g6 3.Nc3 d5 4.cxd5 Nxd5 5.e4 Nxc3 6.bxc3 Bg7 7.Nf3 c5 8.Be3 
Qa5 9.Qd2 O-O 10.Rc1 Bg4 11.d5 b5 12.Bxc5 Rc8 13.Bb4 Qb6 14.Be2 e6 15.O-O 
Na6 16.Be7 Nc5 17.Qf4 Bxf3 18.Qxf3 exd5 19.exd5 Re8 20.d6 Bf8 21.Rb1 Bxe7 
22.dxe7 a6 23.Bc4 Ne6 24.a4 Qc5 25.Bxe6 fxe6 26.axb5 axb5 27.Rfe1 Ra3 28.
Qf6 Qxe7 29.Qe5 Rc8 30.Rxb5 Raxc3 31.h3 Rc1 32.Rb1 Rxb1 33.Rxb1 Rf8 34.Rb6
Qf6 35.Qe3 Qa1+ 36.Kh2 Qf6 37.Kg3 Re8 38.Rc6 Re7 39.f3 Kg7 40.Kh2 Qf5 41.
Rc4 Rf7 42.Re4 Qf6 43.h4 e5 44.h5 gxh5 45.Rxe5 Qf4+ 46.Qxf4 Rxf4 47.Kg3 
Ra4 48.Rxh5 Kg6 49.Rh4 Ra5 50.Rg4+ Kf6 51.Kh4 Rb5 52.Ra4 h6 53.Ra6+ Kg7 
54.Re6 Rb2 55.Kh3 Rb4 56.Ra6 Rc4 57.Rb6 Ra4 58.Rc6 Rb4 59.Rd6 Ra4 60.Rd3 
Kg6 61.Re3 Kg5 62.Re5+ Kf6 63.Re3 Kg5 64.Re6 Rh4+ 65.Kg3 Ra4 66.Rb6 Ra3 
67.Rb5+ Kg6 68.Kg4 Ra2 69.Kh3 Ra3 70.Rd5 Rb3 71.Rd8 Ra3 72.Rg8+ Kf7 73.Rg4
Kf6 74.Kh4 Ra5 75.Rc4 Ra2 76.Rf4+ Kg6 77.Rg4+ Kh7 78.Kg3 Ra3 79.Kh2 Rb3 
80.Ra4 Kg6 81.Ra6+ Kg5 82.Kh3 Rc3 83.Ra8 Kg6 84.Ra5 Rc4 85.g3 Rb4 86.Ra6+ 
Kg7 87.Re6 Ra4 88.Re4 Ra5 89.Kg4 Rg5+ 90.Kh4 Ra5 91.f4 Ra1 92.Re5 Rb1 93.
Ra5 Rc1 94.Kh5 Rh1+ 95.Kg4 Rg1 96.Kf3 Kg6 97.g4 Rf1+ 98.Kg3 Rg1+ 99.Kh3 
Rf1 100.Ra6+ Kg7 101.Ra4 Kg6 102.Ra6+ Kg7 103.Ra7+ Kf6 104.Ra4 Kg6 105.Kg2
Rb1 106.Ra6+ Kg7 107.Kg3 Rg1+ 108.Kf3 Re1 109.f5 Rf1+ 110.Ke4 Re1+ 111.Kd5
Rd1+ 112.Ke6 Re1+ 113.Kd7 Re4 114.Re6 Ra4 115.Rg6+ Kf7 116.Kc7 Rf4 117.Kd6
h5 118.Ke5 Rxg4 119.Ra6 Rb4 120.Ra7+ Kf8 121.Kf6 Rb6+ 122.Kg5 Rc6 123.Rh7 
Rb6 124.Rxh5 Ra6 125.Rh7 Rb6 126.Rc7 Ra6 127.f6 Ra1 128.Rc8+ Kf7 129.Rc7+ 
Kf8 130.Rc8+ Kf7 131.Rc7+ Kf8 1/2-1/2

[Event "Legends of Chess Final"]
[Site "chess24.com INT"]
[Date "2020.08.01"]
[Round "1.22"]
[White "Svidler, P"]
[Black "Carlsen, M"]
[Result "0-1"]
[WhiteElo "2723"]
[BlackElo "2863"]
[EventDate "2020.07.31"]
[WhiteTitle "GM"]
[BlackTitle "GM"]
[WhiteFideId "4102142"]
[BlackFideId "1503014"]

1.Nf3 d5 2.g3 c6 3.Bg2 Bg4 4.c4 e6 5.O-O Nf6 6.d3 Bd6 7.Qb3 Qe7 8.Nc3 Na6 
9.cxd5 exd5 10.e4 dxe4 11.dxe4 O-O 12.e5 Bxe5 13.Nxe5 Qxe5 14.Qxb7 Nc5 15.
Bf4 Qh5 16.Qxc6 Rac8 17.Qb5 a6 18.Qa5 Rfe8 19.f3 Nd3 20.Qxh5 Bxh5 21.Bg5 
Nxb2 22.Bxf6 gxf6 23.Ne4 Rc6 24.Rac1 Ree6 25.Nc5 Re7 26.f4 Rb6 27.Bd5 Kg7 
28.Rf2 Nd1 29.Bb3 Nxf2 30.Kxf2 Re2+ 31.Kg1 Bf3 32.Rc3 Bd5 0-1

[Event "Legends of Chess Final"]
[Site "chess24.com INT"]
[Date "2020.08.01"]
[Round "1.24"]
[White "Giri, A"]
[Black "Nepomniachtchi, I"]
[Result "1/2-1/2"]
[WhiteElo "2764"]
[BlackElo "2784"]
[EventDate "2020.07.31"]
[WhiteTitle "GM"]
[BlackTitle "GM"]
[WhiteFideId "24116068"]
[BlackFideId "4168119"]

1.d4 Nf6 2.c4 g6 3.Nc3 d5 4.cxd5 Nxd5 5.e4 Nxc3 6.bxc3 Bg7 7.Be3 c5 8.Nf3 
Qa5 9.Qd2 O-O 10.Rc1 Bg4 11.d5 b5 12.Bxc5 Rc8 13.Bb4 Qc7 14.Nd4 a5 15.Ba3 
b4 16.Bb2 Qb6 17.c4 Na6 18.Nc6 Bxb2 19.Qxb2 Rxc6 20.dxc6 Qxc6 21.Bd3 Nc5 
22.Bc2 Nxe4 23.Qd4 Bf5 24.Bxe4 Bxe4 25.f3 Bf5 26.O-O a4 27.Rfe1 b3 28.axb3
axb3 29.Re2 Qc7 30.c5 Rd8 31.Qc3 Bc2 32.Rexc2 bxc2 33.Qxc2 Qc6 34.Qc3 h5 
35.Qe3 Rd7 36.h3 Kh7 37.Qe5 Rc7 38.Qf4 Kg7 39.Qe5+ Kh7 40.Qf4 Kg7 41.Qe5+ 
Kh7 1/2-1/2